000 00521nam a22001937a 4500
005 20170530162047.0
010 _aENG-118465
020 _a818599166
_c45.00
035 _aEN-101997
037 _bDBAD/PUB
082 _a270.082
100 _aRam Swarup
245 _aWomen in Islam /
_cby Ram Swarup
260 _aNew Delhi
_bVoice Of India
_c2000
270 _a2/18,Ansari Road
_bNew Delhi
_e110002
300 _aix,51p.
_c22cm(pbk)
500 _aIncludes index
942 _2ddc
_cEN
_mSWA
_h270.082
999 _c140577
_d140577